Fifty Shades of Grey in One Minute - Statistics

General Stats
  • This quiz has been taken 788 times
    593 since last reset
  • The average score is 33 of 50
Answer Stats
Shade % Correct
Grey
99%
Grey
74%
Grey
73%
Grey
72%
Grey
71%
Grey
71%
Grey
70%
Grey
70%
Grey
70%
Grey
69%
Grey
69%
Grey
69%
Grey
69%
Grey
69%
Grey
69%
Grey
69%
Grey
69%
Grey
69%
Grey
69%
Grey
69%
Grey
69%
Grey
69%
Grey
68%
Grey
67%
Grey
67%
Grey
66%
Grey
66%
Grey
65%
Grey
65%
Grey
65%
Grey
65%
Grey
64%
Grey
64%
Grey
63%
Grey
63%
Grey
63%
Grey
62%
Grey
62%
Grey
61%
Grey
59%
Grey
59%
Grey
58%
Grey
57%
Grey
56%
Grey
55%
Grey
55%
Grey
54%
Grey
54%
Grey
53%
Grey
53%
No matching quizzes found
Score Distribution
Percent of People with Each Score
Percentile by Number Answered
Your Score History
You have not taken this quiz since the last reset